000 00664nam a22002057a 4500
005 20230119120230.0
008 230119b |||||||| |||| 00| 0 eng d
020 _a9781444159738 (pbk)
040 _aKMU
_cKMU
050 _aHD 69.P75 Man 2013
100 _aManser,Martin.
245 _aSuccessful Project Management in a week:
_bLearn in a week,what the experts learn in a liftetime/
_cMartin,Manser.
260 _aLondon:
_bHolder Education,
_c2013.
300 _a123 pages.:
_bill,;
_c18cm.
521 _aIncludes Includes summaries, notes, questions and answers.
650 _aProject.
650 _aManagement.
650 _aBusiness.
942 _2lcc
_cBK
_n0
999 _c137
_d137